000 00392nam a2200157 i 4500
001 bg
100 1 _aHAAS, Aren Marten
245 0 _aEntwurf und Konstruktion dünner Betonschalen /
_cA. Haas.
260 _aDüsseldorf :
_bWerner Verl.,
_c1969.
300 _a369 s.
040 _cBPK
041 _apol
080 _a666.97/.98
942 _cKS
008 s pl f |000 0 pol
999 _c12573
_d12573
856 _uhttp://koha.tu.koszalin.pl/cgi-bin/koha/opac-detail.pl?biblionumber=12573
_yKatalog online BPK